Aplique el dbase iii /

Guardado en:
Autor Principal: Jones, Edward
Formato: Libro
Publicado: México : Osborne/mcgraw-hill, 1986
Materias:
Etiquetas: Agregar Etiqueta
Sin Etiquetas, Sea el primero en etiquetar este registro!
LEADER 00537nam a22002055a 4500
001 CEM.cems003510
005 19000101000000.0
008 130507s1986##################000#0#####d
003 CEMS
082 0 4 |a 001.6425 
100 1 |a Jones, Edward 
245 1 0 |a Aplique el dbase iii / 
260 |a México :  |b Osborne/mcgraw-hill,  |c 1986 
300 |a 262 p. 
653 |a Computacion 
653 |a Dbase 
653 |a Dbase iii 
653 |a Donacion c. basico 
653 |a Software 
859 |a CEMS  |b BIB. CEMS - 11 de abril  |h 001.6425  |i J714  |p 15729.90  |t Ej.1